<?xml version="1.0" encoding="UTF-8"?>
<collection xmlns="http://www.loc.gov/MARC21/slim">
    <record>
        <controlfield tag="001">56214</controlfield>
        <controlfield tag="005">20210121114534.0</controlfield>
        <datafield tag="024" ind1="7" ind2=" ">
            <subfield code="2">doi</subfield>
            <subfield code="a">10.1016/j.gaceta.2014.07.007</subfield>
        </datafield>
        <datafield tag="024" ind1="8" ind2=" ">
            <subfield code="2">sideral</subfield>
            <subfield code="a">89275</subfield>
        </datafield>
        <datafield tag="037" ind1=" " ind2=" ">
            <subfield code="a">ART-2015-89275</subfield>
        </datafield>
        <datafield tag="041" ind1=" " ind2=" ">
            <subfield code="a">eng</subfield>
        </datafield>
        <datafield tag="100" ind1=" " ind2=" ">
            <subfield code="0">(orcid)0000-0003-2928-6623</subfield>
            <subfield code="a">Gimeno-Feliu, L.</subfield>
            <subfield code="u">Universidad de Zaragoza</subfield>
        </datafield>
        <datafield tag="245" ind1=" " ind2=" ">
            <subfield code="a">The healthy migrant effect in primary care</subfield>
        </datafield>
        <datafield tag="260" ind1=" " ind2=" ">
            <subfield code="c">2015</subfield>
        </datafield>
        <datafield tag="506" ind1="0" ind2=" ">
            <subfield code="a">Access copy available to the general public</subfield>
            <subfield code="f">Unrestricted</subfield>
        </datafield>
        <datafield tag="520" ind1="3" ind2=" ">
            <subfield code="a">Objective: To compare the morbidity burden of immigrants and natives residing in Aragón, Spain, based on patient registries in primary care, which represents individuals’ first contact with the health system. Methods: A retrospective observational study was carried out, based on linking electronic primary care medical records to patients’ health insurance cards. The study population consisted of the entire popula- tion assigned to general practices in Aragón, Spain (1,251,540 individuals, of whom 12% were immigrants). We studied the morbidity profiles of both the immigrant and native populations using the Adjusted Clin- ical Group System. Logistic regressions were conducted to compare the morbidity burden of immigrants and natives after adjustment for age and gender. 
Results: Our study confirmed the “healthy immigrant effect”, particularly for immigrant men. Relative to the native population, the prevalence rates of the most frequent diseases were lower among immigrants. The percentage of the population showing a moderate to very high morbidity burden was higher among natives (52%) than among Latin Americans (33%), Africans (29%), western Europeans (27%), eastern Euro- peans and North Americans (26%) and/or Asians (20%). Differences were smaller for immigrants who had lived in the country for 5 years or longer. 
Conclusion: Length of stay in the host country had a decisive influence on the morbidity burden repre- sented by immigrants, although the health status of both men and women worsened with longer stay in the host country.</subfield>
        </datafield>
        <datafield tag="536" ind1=" " ind2=" ">
            <subfield code="9">info:eu-repo/grantAgreement/ES/ISCIII/FIS/PI11-01126</subfield>
        </datafield>
        <datafield tag="540" ind1=" " ind2=" ">
            <subfield code="9">info:eu-repo/semantics/openAccess</subfield>
            <subfield code="a">by-nc-nd</subfield>
            <subfield code="u">http://creativecommons.org/licenses/by-nc-nd/3.0/es/</subfield>
        </datafield>
        <datafield tag="590" ind1=" " ind2=" ">
            <subfield code="a">1.509</subfield>
            <subfield code="b">2015</subfield>
        </datafield>
        <datafield tag="591" ind1=" " ind2=" ">
            <subfield code="a">PUBLIC, ENVIRONMENTAL &amp; OCCUPATIONAL HEALTH</subfield>
            <subfield code="b">77 / 153 = 0.503</subfield>
            <subfield code="c">2015</subfield>
            <subfield code="d">Q3</subfield>
            <subfield code="e">T2</subfield>
        </datafield>
        <datafield tag="591" ind1=" " ind2=" ">
            <subfield code="a">PUBLIC, ENVIRONMENTAL &amp; OCCUPATIONAL HEALTH</subfield>
            <subfield code="b">104 / 173 = 0.601</subfield>
            <subfield code="c">2015</subfield>
            <subfield code="d">Q3</subfield>
            <subfield code="e">T2</subfield>
        </datafield>
        <datafield tag="592" ind1=" " ind2=" ">
            <subfield code="a">0.469</subfield>
            <subfield code="b">2015</subfield>
        </datafield>
        <datafield tag="593" ind1=" " ind2=" ">
            <subfield code="a">Public Health, Environmental and Occupational Health</subfield>
            <subfield code="c">2015</subfield>
            <subfield code="d">Q3</subfield>
        </datafield>
        <datafield tag="655" ind1=" " ind2="4">
            <subfield code="a">info:eu-repo/semantics/article</subfield>
            <subfield code="v">info:eu-repo/semantics/publishedVersion</subfield>
        </datafield>
        <datafield tag="700" ind1=" " ind2=" ">
            <subfield code="0">(orcid)0000-0001-9064-9222</subfield>
            <subfield code="a">Calderón-Larrañaga, A.</subfield>
        </datafield>
        <datafield tag="700" ind1=" " ind2=" ">
            <subfield code="a">Diaz, E.</subfield>
        </datafield>
        <datafield tag="700" ind1=" " ind2=" ">
            <subfield code="a">Poblador-Plou, B.</subfield>
        </datafield>
        <datafield tag="700" ind1=" " ind2=" ">
            <subfield code="a">Macipe-Costa, R.</subfield>
        </datafield>
        <datafield tag="700" ind1=" " ind2=" ">
            <subfield code="0">(orcid)0000-0002-5704-6056</subfield>
            <subfield code="a">Prados-Torres, A.</subfield>
            <subfield code="u">Universidad de Zaragoza</subfield>
        </datafield>
        <datafield tag="710" ind1="2" ind2=" ">
            <subfield code="1">1007</subfield>
            <subfield code="2">610</subfield>
            <subfield code="a">Universidad de Zaragoza</subfield>
            <subfield code="b">Dpto. Medicina, Psiqu. y Derm.</subfield>
            <subfield code="c">Area Medicina</subfield>
        </datafield>
        <datafield tag="710" ind1="2" ind2=" ">
            <subfield code="1">1008</subfield>
            <subfield code="2">615</subfield>
            <subfield code="a">Universidad de Zaragoza</subfield>
            <subfield code="b">Dpto. Microb.Med.Pr.,Sal.Públ.</subfield>
            <subfield code="c">Área Medic.Prevent.Salud Públ.</subfield>
        </datafield>
        <datafield tag="773" ind1=" " ind2=" ">
            <subfield code="g">29, 1 (2015), 15-20</subfield>
            <subfield code="p">Gac. sanit.</subfield>
            <subfield code="t">GACETA SANITARIA</subfield>
            <subfield code="x">0213-9111</subfield>
        </datafield>
        <datafield tag="856" ind1="4" ind2=" ">
            <subfield code="s">354043</subfield>
            <subfield code="u">http://zaguan.unizar.es/record/56214/files/texto_completo.pdf</subfield>
            <subfield code="y">Versión publicada</subfield>
        </datafield>
        <datafield tag="856" ind1="4" ind2=" ">
            <subfield code="s">90561</subfield>
            <subfield code="u">http://zaguan.unizar.es/record/56214/files/texto_completo.jpg?subformat=icon</subfield>
            <subfield code="x">icon</subfield>
            <subfield code="y">Versión publicada</subfield>
        </datafield>
        <datafield tag="909" ind1="C" ind2="O">
            <subfield code="o">oai:zaguan.unizar.es:56214</subfield>
            <subfield code="p">articulos</subfield>
            <subfield code="p">driver</subfield>
        </datafield>
        <datafield tag="951" ind1=" " ind2=" ">
            <subfield code="a">2021-01-21-11:12:30</subfield>
        </datafield>
        <datafield tag="980" ind1=" " ind2=" ">
            <subfield code="a">ARTICLE</subfield>
        </datafield>
    </record>

    
</collection>